| 000 | 00820nam a2200229Ii 4500 | ||
|---|---|---|---|
| 003 | JO-AjNU | ||
| 008 | 230605s9999||||xx |||||||||||||| ||und|| | ||
| 017 | _a2016/4/1627 | ||
| 020 | _a978-9957-616-44-1 | ||
| 040 |
_aJO-AjNU _bara _erda _cJO-AjNU |
||
| 041 | _aara | ||
| 050 | 1 | 4 | _aHF5626.J374 2017 |
| 100 | 3 |
_aالجعارات، خالد جمال, _eauthor _957937 |
|
| 245 | 0 | 0 | _aالمعايير الدولية لاعداد التقارير المالية، ج1 |
| 250 | _aط1 | ||
| 264 | 3 | 1 | _aعمان: دار صفاء للنشر والتوزيع، 2017 |
| 300 |
_aج1: 679ص _bيحتوي على جداول توضيحيه |
||
| 336 |
_atext _btxt _2rdacontent |
||
| 337 |
_aunmediated _bn _2rdamedia |
||
| 338 |
_avolume _bnc _2rdacarrier |
||
| 650 | 4 |
_aالمحاسبة - التحليل المالي _957938 |
|
| 999 |
_aA25992 _c29560 _d29560 |
||